Logotipos de la Marca #2 - Estadísticas

Estadísticas generales
  • Esta prueba ha sido intentada 883 veces
  • La puntuación promedio es 16 de 20
Estadísticas de respuestas
marca % Correcto
Google
100%
Puma
99%
Microsoft
98%
Twitter
98%
Burger King
97%
Lego
97%
Starbucks
96%
Spotify
95%
X-Box
94%
SnapChat
92%
Firefox
91%
Playboy
90%
Nestlé
79%
The North Face
65%
Skoda Auto
63%
Fanta
59%
WalMart
56%
Beats by Dre
46%
Victoria's Secret
45%
AT&T
23%
No se encontraron pruebas coincidentes
Distribución de puntuación
Porcentaje de gente con cada puntuación
Porcentaje por número respondido
Historial de tus puntuaciones
No has intentado esta prueba.